000
00325nam a2200145Ia 4500
003
OSt
008
191201s1998 xx 000 0 und d
082
_a
330.954
_b
DAI
100
_a
DATT, Ruddar
245
0
_a
Indian Economy
260
_a
New Delhi
_b
S Chand and Co. Ltd.
_c
1998
300
_a
892
650
_a
BBA
942
_2
ddc
_c
BK
999
_c
66
_d
66